000
00260nam a2200121Ia 4500
008
190216s9999||||xx |||||||||||||| ||und||
100
_a
Narayanan S
245
0
_a
Dynamics
260
_b
S Chand & Co
_c
1986
300
_a
310p
650
_a
Physics
942
_c
BK
999
_c
32921
_d
32921